000 00746nam a2200205 4500
008 171120b xxu||||| |||| 00| 0 eng d
020 _a0781717361
082 _22000
_aDC 616.07
_bB87f
245 _aFocus on pathophysiology /
_c[edited by] Barbara L. Bullock, Reet L. Henze.
260 _aPhiladelphia, PA :
_bLippincott Williams & Wilkins,
_c©2000.
300 _axxviii, 1,231 pages :
_b illustration ;
_c26 cm.
500 _aIncludes bibliographical references and index.
650 0 _923529
_aPhysiology, Pathological
650 0 _923530
_aPathology
650 0 _923531
_aPhysiological Phenomena
700 _923532
_aBullock, Barbara L., editor.
700 _923533
_aHenze, Reet L., editor.
365 _b748
_cPhp
942 _2ddc
_cDC
999 _c7794
_d7794